4,5-Dihydro-1H-pyrazolové deriváty, spôsoby ich prípravy, medziprodukty a ich použitie

Bibliographic Details
Corporate Author: SOLVAY PHARMACEUTICALS B. V. (Weesp, Holandsko) (Patent holder)
Other Authors: Kruse, Cornelis G. (Originator), Tipker, Jacobus (Originator), Tulp, Martinus T. M. (Originator), Van Vliet, Bernardus J. (Originator), Lange, Josephus (Originator)
Format: Book
Language:Slovak
PhysicalDescription:21 s. 30 cm
Published: [Banská Bystrica] Úrad priemyselného vlastníctva SR [2009]
Subjects:

MARC

LEADER 00000cam a2200000 a 4500
001 vtls010027057
003 SK-MaSNL
005 20260301083349.0
008 251120s2009 xo j f000 0 slo
013 |a 287074  |b SK  |c patent  |d 20091105  |e dátum nadobudnutia účinkov patentu (Vestník ÚPV SR č.: 11/2009)  |d 20091014  |e dátum sprístupnenia patentu  |d 20100107  |e dátum vydania opraveného patentového spisu 
013 |a 1352-2002  |e číslo prihlášky  |d 20010322  |e dátum podania prihlášky  |d 20030304  |e dátum zverejnenia prihlášky (Vestník ÚPV SR č.: 3/2003) 
013 |a 00201032.0, 1014728  |e číslo prioritnej prihlášky  |e dátum podania prioritnej prihlášky  |b EP, NL  |e kód krajiny prioritnej prihlášky 
015 |a SNBN2013 
040 |a SNK  |b slo  |c SNK  |e AACR2 
041 0 |a slo 
044 |a xo  |c SK 
072 7 |a 615  |x Farmácia. Farmakológia  |2 konspekt 
072 7 |a 547  |x Organická chémia  |2 konspekt 
080 |a 615.45  |2 2001 
080 |a 547.7  |2 2001 
080 |a 616.89  |2 2001 
084 |a C07D 231/00  |2 IPC 
084 |a C07D 409/00  |2 IPC 
084 |a C07D 401/00  |2 IPC 
084 |a A61K 31/415  |2 IPC 
084 |a A61P 25/00  |2 IPC 
084 |a A61P 9/00  |2 IPC 
084 |a A61K 31/41  |2 IPC 
084 |a A61K 31/4155  |2 IPC 
084 |a A61K 31/4427  |2 IPC 
084 |a A61P 1/00  |2 IPC 
084 |a A61P 3/00  |2 IPC 
084 |a A61P 43/00  |2 IPC 
245 0 0 |a 4,5-Dihydro-1H-pyrazolové deriváty, spôsoby ich prípravy, medziprodukty a ich použitie  |c Josephus H. Lange ... [et al.] ; patent. zást. Dagmar Čechvalová 
260 |a [Banská Bystrica]  |b Úrad priemyselného vlastníctva SR  |c [2009] 
300 |a 21 s.  |c 30 cm 
500 |a Informácie o oprave: Oprava č. 1, strana č. 14, 15 ; dátum vydania opraveného patentového spisu 7.1.2010 
650 0 7 |a farmaceutické výrobky  |2 SNKPH  |9 51177 
650 0 7 |a duševné poruchy  |2 SNKPH  |9 2454 
650 0 7 |a Pharmaceutical products  |2 SNKPHeng  |9 305127 
650 0 7 |a Mental disorders  |2 SNKPHeng  |9 304940 
655 7 |a patenty  |2 SVKBBPH  |9 177343 
655 7 |a patent licenses  |2 SNKPHeng  |9 303430 
700 1 |a Kruse, Cornelis G.  |4 org  |9 408735 
700 1 |a Tipker, Jacobus  |4 org  |9 410117 
700 1 |a Čechvalová, Dagmar  |4 oth  |9 305714 
700 1 |a Tulp, Martinus T. M.  |4 org  |9 408736 
700 1 |a Van Vliet, Bernardus J.  |4 org  |9 410118 
700 1 |a Lange, Josephus  |4 org  |9 410119 
710 2 |a SOLVAY PHARMACEUTICALS B. V. (Weesp, Holandsko)  |4 pth  |9 410120 
999 |c 660352  |d 662282 
952 |a SNK  |b SNK  |y PREZ  |7 0  |p 17A1103342  |o snkSK 287074/OL  |i snk2014/2894  |8 0  |z Opravný list k patentovému spisu  |0 0  |1 0  |4 0  |d 2014-01-29  |l 0  |r 2026-02-23 18:51:42  |w 2026-02-23 
952 |a SNK  |b SNK  |y PREZ  |7 0  |p 17A1080311  |o snkSK 287074  |i snk2013/17218  |8 0  |0 0  |1 0  |4 0  |d 2013-07-23  |l 0  |r 2026-02-23 18:51:42  |w 2026-02-23